| 000 | 00686nam a2200205 i 4500 | ||
|---|---|---|---|
| 001 | 112306 | ||
| 003 | ES-MaACL | ||
| 005 | 20250826105750.0 | ||
| 007 | t| | ||
| 008 | 061121s1964 sp r ||||1| spa d | ||
| 100 | 1 |
_aMuñoz Delgado, Vicente. _984400 |
|
| 245 | 1 | 0 |
_aLógica formal y filosofía en Domingo de Soto (1494-1560) / _cVicente Muñoz Delgado. |
| 260 |
_aMadrid : _bRev. Estudios, _c1964. |
||
| 300 |
_a118 p. ; _c22 cm. |
||
| 490 | 1 |
_aPublicaciones del Monasterio de Poyo ; _v16 |
|
| 600 | 1 | 4 |
_aSoto, Domingo de, _d1495-1560 _9107479 |
| 830 | 0 |
_aPublicaciones del Monasterio de Poyo ; _v16 _9185703 |
|
| 852 |
_aES-MaACL _jC-25896 _bR.54746 |
||
| 999 |
_c112306 _d112306 |
||